Atoms and molecules / (Record no. 9936)

MARC details
000 -LEADER
fixed length control field 00893nam a22003017a 4500
001 - CONTROL NUMBER
control field 9936
003 - CONTROL NUMBER IDENTIFIER
control field FISKH
005 - DATE AND TIME OF LATEST TRANSACTION
control field 20260317162121.0
008 - FIXED-LENGTH DATA ELEMENTS--GENERAL INFORMATION
fixed length control field 260317b cb ||||| |||| 00| 0 eng d
020 ## - INTERNATIONAL STANDARD BOOK NUMBER
International Standard Book Number 9780778742470
040 ## - CATALOGING SOURCE
Original cataloging agency FISKH
Language of cataloging eng
Transcribing agency FISKH
Modifying agency FISKH
050 ## - LIBRARY OF CONGRESS CALL NUMBER
Classification number QC173.16 .A46
082 ## - DEWEY DECIMAL CLASSIFICATION NUMBER
Classification number 539.7
100 ## - MAIN ENTRY--PERSONAL NAME
Personal name Aloian , Molly
245 ## - TITLE STATEMENT
Title Atoms and molecules /
Statement of responsibility, etc. By Molly Aloian
260 ## - PUBLICATION, DISTRIBUTION, ETC.
Place of publication, distribution, etc. New York :
Name of publisher, distributor, etc. Cabtree Publishing Company ,
Date of publication, distribution, etc. 2011 .
300 ## - PHYSICAL DESCRIPTION
Extent 32 pages :
Other physical details color illustrations ;
Dimensions 28 cm .
490 ## - SERIES STATEMENT
Series statement Why Chemistry Matters
505 ## - FORMATTED CONTENTS NOTE
Formatted contents note W <br/>
521 8# - TARGET AUDIENCE NOTE
Target audience note 860 <br/>
Source Lexile IG <br/>
521 8# - TARGET AUDIENCE NOTE
Target audience note W <br/>
Source Raz-Plus <br/>
650 ## - SUBJECT ADDED ENTRY--TOPICAL TERM
Topical term or geographic name entry element Atoms
Form subdivision Juvenile Literature
650 ## - SUBJECT ADDED ENTRY--TOPICAL TERM
Topical term or geographic name entry element Molecules
Form subdivision Juvenile Literature
650 ## - SUBJECT ADDED ENTRY--TOPICAL TERM
Topical term or geographic name entry element Matter-Constitution
Form subdivision Juvenile Literature
700 ## - ADDED ENTRY--PERSONAL NAME
Personal name Fisher , Chester
Relator term Coordinating editor
942 ## - ADDED ENTRY ELEMENTS (KOHA)
Source of classification or shelving scheme Dewey Decimal Classification
Koha item type Books
Suppress in OPAC No
Holdings
Withdrawn status Lost status Source of classification or shelving scheme Damaged status Not for loan Collection Home library Current library Shelving location Date acquired Total Checkouts Full call number Barcode Date last seen Price effective from Koha item type
    Dewey Decimal Classification     Non-Fiction Footprints International School Library Network Toul Tom Poung Campus Footprints International School Library Network Toul Tom Poung Campus TTP Secondary Non-Fiction Bookshelves 03/17/2026   ALO 539.7 QC173.16 .A46 2026-0336 03/17/2026 03/17/2026 Books